Cómo evaluar su potencial emprendedor: una guía para pequeñas y medianas empresas

Uloženo v:
Podrobná bibliografie
Hlavní autoři: Gray, Douglas A (Autor), Cyr, Donald G (Autor)
Médium: Kniha
Jazyk:španělština
Vydáno: Barcelona Graníca 1993
Edice:Colección Management, 2
Témata:
Tagy: Přidat tag
Žádné tagy, Buďte první, kdo vytvoří štítek k tomuto záznamu!

MARC

LEADER 00000nam a2200000 a 4500
001 UCR0471
003 CL-VaPUC
008 971205e19930000SP |||||||||||||||||spa|d
082 0 4 |a 658.401  |b GRA  |2 21 
100 |a Gray, Douglas A  |e author  |9 396160 
700 0 |a Cyr, Donald G  |e author  |9 396161 
245 1 0 |a Cómo evaluar su potencial emprendedor: una guía para pequeñas y medianas empresas 
300 |a 192 p 
942 |c BK 
945 |d 19971205 00:00:00  |a rleighto 
260 |a Barcelona  |b Graníca  |c 1993 
650 0 |a Empresas   |9 255569 
650 0 |a Administración de empresas   |9 260833 
650 0 |a Planificación estratégica   |9 259735 
650 0 |a Industrias   |9 263688 
583 |a last modification  |c 19971205 00:00:00  |k Rodrigo Vera 
490 0 |a Colección Management, 2 
999 |c 263984  |d 263982 
952 |0 0  |1 0  |4 0  |6 658_401000000000000_GRA_1993  |7 0  |8 CCM  |9 293533  |a BIBCUR  |b BIBCUR  |d 2019-11-19  |i 3378748  |o 658.401 GRA 1993  |p 3378748  |r 2025-04-22  |w 2019-11-19  |y BK  |k CIM